Probability and statistics / (Record no. 170433)

MARC details
000 -LEADER
fixed length control field 00654nam a2200193 4500
005 - DATE AND TIME OF LATEST TRANSACTION
control field 20191216142715.0
010 ## - LCCN (DPL NO)
LC control number ENG-127141
020 ## - INTERNATIONAL STANDARD BOOK NUMBER
International Standard Book Number 9789353940287
Terms of availability 499.00
035 ## - SYSTEM CONTROL NUMBER
System control number EN-110673
037 ## - SOURCE OF ACQUISITION
Source of stock number/acquisition DBAD/PUB
082 ## - DEWEY DECIMAL CLASSIFICATION NUMBER
Classification number 519.5
100 ## - MAIN ENTRY--PERSONAL NAME
Personal name Das, P. Sivaramakrishna
245 ## - TITLE STATEMENT
Title Probability and statistics /
Statement of responsibility, etc by P. Sivaramakrishna Das [and] C. Vijayakumari
260 ## - PUBLICATION, DISTRIBUTION, ETC. (IMPRINT)
Place of publication, distribution, etc Noida
Name of publisher, distributor, etc Pearson India Education
Date of publication, distribution, etc 2020
270 ## - ADDRESS
Address 15th Floor, Tower-b, World Trade Tower, Plot No.-1, Block -C, Sector 16
City Noida
Postal code 201301
300 ## - PHYSICAL DESCRIPTION
Extent xvi;various paging .
Dimensions 23cm(pbk)
700 ## - ADDED ENTRY--PERSONAL NAME
Personal name Vijayakumari, C.
942 ## - ADDED ENTRY ELEMENTS (KOHA)
Source of classification or shelving scheme Dewey Decimal Classification
Item type English Books
Classification part 519.5
Call number suffix DAS
Holdings
Withdrawn status Lost status Not for loan Collection code Home library Current library Date acquired Source of acquisition Cost, normal purchase price Full call number Barcode Copy number Cost, replacement price Koha item type
      Non-fiction D.B.Act.Division Mobile Library 16/12/2019 DBAD/PUB 499.00 519.5 DAS EN-110673 1 499.00 English Books

© Delhi Public Library
Hit Counter
free hit counter